000 00539nam a2200169Ia 4500
008 230917s9999||||xx |||||||||||||| ||und||
020 _cRS275
040 _e246425
_aMAIN
041 _aEnglish
082 _a891.43301731 SK23B
100 _aशर्मा, क्षमा
245 0 _aबात अभी खत्म नहीं हुई
260 _aनई दिल्ली
_bवाणी प्रकाशन
_c2017
300 _a110 पृ. p.
500 _a3061 10/03/2018 HBD18/3311 13/03/2018 Main Budget
942 _cBK
999 _c26307
_d26307